000 00728nam a2200217Ii 4500
003 JO-AjNU
008 230605s9999||||xx |||||||||||||| ||und||
017 _a1996/9/1176
040 _aJO-AjNU
_bara
_erda
_cJO-AjNU
041 _aara
050 1 4 _aHD37.A7.Z89.1996
100 3 _aزويلف،مهدي حسن/علي محمد عمر العضايلة,
_eauthor
_932927
245 0 0 _aادارة المنظمة نظريات وسلوك
250 _aط1
264 3 1 _aعمان:دار مجدلاوي للنشر والتوزيع،1996
300 _a306ص
336 _atext
_btxt
_2rdacontent
337 _aunmediated
_bn
_2rdamedia
338 _avolume
_bnc
_2rdacarrier
650 4 _aادارة وتنظيم الاعمال
_932928
999 _aA13348
_c16916
_d16916